Mechanics of materials (Record no. 6027)

000 -LEADER
fixed length control field 00600nam a2200229 i 4500
001 - CONTROL NUMBER
control field 6027
003 - CONTROL NUMBER IDENTIFIER
control field BD-DhUET
008 - FIXED-LENGTH DATA ELEMENTS--GENERAL INFORMATION
fixed length control field 770505s1978 nyua 001 0 eng
040 ## - CATALOGING SOURCE
Original cataloging agency DLC
Transcribing agency DLC
Modifying agency BD-DhUET
082 00 - DEWEY DECIMAL CLASSIFICATION NUMBER
Classification number 620.11
Item number HIG/1978
100 ## - MAIN ENTRY--PERSONAL NAME
Personal name Higdon, Archie
245 00 - TITLE STATEMENT
Title Mechanics of materials
250 ## - EDITION STATEMENT
Edition statement 3rd ed.
260 ## - PUBLICATION, DISTRIBUTION, ETC. (IMPRINT)
Place of publication, distribution, etc. New York
Name of publisher, distributor, etc. John Wiley and Sons
Date of publication, distribution, etc. 1978
300 ## - PHYSICAL DESCRIPTION
Extent xiv, 752 p.
Other physical details ill.
Dimensions 24 cm.
504 ## - BIBLIOGRAPHY, ETC. NOTE
Bibliography, etc Includes bibliographies
650 #0 - SUBJECT ADDED ENTRY--TOPICAL TERM
Topical term or geographic name as entry element Strength of materials
700 ## - ADDED ENTRY--PERSONAL NAME
Personal name Ohlsen, Wdward H.
700 ## - ADDED ENTRY--PERSONAL NAME
Personal name Stiles , William B.
700 ## - ADDED ENTRY--PERSONAL NAME
Personal name Weese, John A.
942 ## - ADDED ENTRY ELEMENTS (KOHA)
Koha item type General Book
Holdings
Shelving location Lost status Koha full call number Koha date last seen Copy number Koha item type Location (home branch) Withdrawn status Damaged status Koha collection Koha normalized classification for sorting Not for loan Sublocation or collection (holding branch) Price effective from Piece designation (barcode) Koha renewals Date acquired Koha date last borrowed Koha issues (times borrowed) Source of classification or shelving scheme
Circulation section 620.11/HIG/19782014-11-297General BookCentral Library, BUET   620_110000000000000_HIG_1978 Central Library, BUET2014-11-2961731 2014-11-29   
Circulation section 620.11/HIG/19782014-12-022General BookCentral Library, BUET   620_110000000000000_HIG_1978 Central Library, BUET2014-12-0261725 2014-12-02   
Circulation section 620.11/HIG/19782014-12-023General BookCentral Library, BUET   620_110000000000000_HIG_1978 Central Library, BUET2014-12-0261733 2014-12-02   
Circulation section 620.11/HIG/19782024-02-134General BookCentral Library, BUET   620_000000000000000_11HIG1978 Central Library, BUET2014-12-026172712014-12-022019-02-271 
Circulation section 620.11/HIG/19782014-12-025General BookCentral Library, BUET   620_110000000000000_HIG_1978 Central Library, BUET2014-12-0261726 2014-12-02   
Circulation section 620.11/HIG/19782014-12-026General BookCentral Library, BUET   620_000000000000000_11HIG1978 Central Library, BUET2014-12-0261728 2014-12-02   
Circulation section 620.11/HIG/19782014-12-021General BookCentral Library, BUET   620_000000000000000_11HIG1978 Central Library, BUET2014-12-0261730 2014-12-02   
Circulation section 620.11/HIG/19782014-12-028General BookCentral Library, BUET   620_000000000000000_11HIG1978 Central Library, BUET2014-12-0261732 2014-12-02   
Circulation section 620.11/HIG/19782015-01-109General BookCentral Library, BUET   620_110000000000000_HIG_1978 Central Library, BUET2015-01-1061729 2015-01-10   
Circulation section 620.11/HIG/19782015-01-2810General BookCentral Library, BUET  Non Fiction620_110000000000000_HIG_1978 Central Library, BUET2015-01-2861734 2015-01-28